000 00764nam a22002537a 4500
001 45888
003 UA-OsUOA
005 20260311102227.0
007 ta
008 20111214b un ||||| |||| 00|eng 0 d
040 _aUA-OsUOA
_beng
_cUA-OsUOA
_dUA-OsUOA
041 _aeng
080 _a94(477).07
090 _a94(477).07
110 _aФундація українського геноциду США
_924380
245 _aHolodomor. Ukraine Genocide in the early 1930s
260 _aChicago
_bUGFF
_c2023
300 _a24 p.
650 7 _a94(477) Історія України
_2UDC
_91446
942 _cBK
_2udc
955 _a4
999 _c425990
_d425990